| Поле | Название | Значение |
| |
Тип записи |
a |
| |
Библиографический уровень |
c |
| 001 |
Контрольный номер |
7d68da72b1e041d2ad094e9d55e5e5f5 |
| 005 |
Дата корректировки |
20201206205207.5 |
| 010 |
Индекс ISBN |
__ |
| a |
ISBN |
978-5-4484-0454-2 (в пер.) |
| d |
Цена |
384-67, 2000 экз. |
| 100 |
Данные общей обработки |
__ |
| a |
Данные общей обработки |
19190712d2018||||||| 0|||y0189 ca |
| 101 |
Язык документа |
0_ |
| a |
Язык текста |
rus |
| 102 |
Страна публикации |
__ |
| a |
Страна публикации |
ru |
| 102 |
Страна публикации |
__ |
| a |
Страна публикации |
RU |
| 105 |
Кодированные данные (монография) |
__ |
| a |
Кодированные данные (монография) |
с||||||||||zy |
| 200 |
Заглавие и сведения об ответственности |
1_ |
| a |
Заглавие |
Горькая жизнь |
| e |
Сведения, относящиеся к заглавию |
[роман, повести] |
| f |
Первые сведения об ответственности |
Валерий Поволяев ; [художник Макс Олин] |
| b |
Общее обозначение материала |
Текст |
| 210 |
Выходные данные |
__ |
| a |
Место издания |
Москва |
| c |
Издательство |
Вече |
| d |
Дата издания |
2018 |
| 215 |
Физическое описание |
__ |
| a |
Объем |
319 с. |
| d |
Формат |
21 см |
| e |
Сопроводительные материалы |
|
| 225 |
Серия |
__ |
| a |
Серия |
Сибирский приключенческий роман |
| 330 |
Аннотация |
__ |
| a |
Аннотация |
События, описанные в романе "Горькая жизнь", действительно произошли после войны в одном из сибирских лагерей. Несправедливо осужденные бывшие фронтовые разведчики подняли восстание. Но кто они и скольким удалось спастись от преследования? Об этом, опираясь на немногие сохранившиеся документы и свидетельства очевидцев, и постарался рассказать известный мастер отечественной прозы и знаток сибирского края Валерий Поволяев. |
| 333 |
Примечание о целевом назначении |
__ |
| a |
Примечание о целевом назначении |
12+. Для детей старше 12 лет |
| 606 |
Тематические рубрики |
__ |
| a |
Основная рубрика |
Художественная литература |
| 606 |
Тематические рубрики |
__ |
| a |
Основная рубрика |
Русская литература XX в. (произведения) |
| 610 |
Ключевые слова |
__ |
| a |
Ключевые слова |
романы |
| 610 |
Ключевые слова |
__ |
| a |
Ключевые слова |
тема истории |
| 610 |
Ключевые слова |
__ |
| a |
Ключевые слова |
исторические романы |
| 610 |
Ключевые слова |
__ |
| a |
Ключевые слова |
романы-хроники |
| 610 |
Ключевые слова |
__ |
| a |
Ключевые слова |
романы-исследования |
| 610 |
Ключевые слова |
__ |
| a |
Ключевые слова |
исторические личности |
| 610 |
Ключевые слова |
__ |
| a |
Ключевые слова |
тема исторических личностей |
| 686 |
Индексы других классификаций |
__ |
| 2 |
Код системы |
rubbks |
| a |
Классификационный индекс |
84(2=411.2)6-4; ст84(2=411.2)6-4 |
| 700 |
Автор |
_1 |
| a |
Фамилия |
Поволяев |
| b |
Имя |
В. Д. |
| f |
Даты |
1940- |
| g |
Полное личное имя |
Валерий Дмитриевич |
| 4 |
Код отношения |
070 |
| 701 |
Альтернативная интеллектуальная ответственность |
_1 |
| a |
Фамилия |
Олин |
| b |
Имя |
М. |
| f |
Даты |
1978- |
| g |
Полное личное имя |
Макс |
| 4 |
Код отношения |
440 |
| 801 |
Источник записи |
_0 |
| a |
Страна |
ru |
| b |
Организация |
Муниципальное бюджетное учреждение культуры "Централизованная библиотечная система" г. Сургут (Центральная городская библиотека им. А. С. Пушкина) |
| c |
Дата составления |
20190712 |
| g |
Правила каталогизации |
PSBO |
| 801 |
Источник записи |
_1 |
| a |
Страна |
ru |
| b |
Организация |
Муниципальное бюджетное учреждение культуры "Централизованная библиотечная система" г. Сургут (Центральная городская библиотека им. А. С. Пушкина) |
| c |
Дата составления |
20190712 |
| g |
Правила каталогизации |
PSBO |
| 852 |
Данные о местонахождении |
__ |
| j |
Шифр хранения |
84(2=411.2)6-4 |
| i |
Авторский знак |
П 42 |
| 901 |
Тип документа |
__ |
| a |
Ответственный |
КиК/Мамарузиева |
| t |
Тип документа |
m |
| 903 |
Характеристики (МАРС) |
__ |
| a |
Дата передачи |
20190712 |
| 990 |
Данные о заказе (DOS) |
__ |
| j |
Количество экземпляров (DOS) |
9 |
| t |
N записи в КСУ для И/У (DOS) |
201908 |